000 00790 a2200217 4500
003 Nust
005 20220721114602.0
010 _a 2011047732
020 _a9780073376226 (alk. paper)
040 _cNust
082 0 0 _a004.6,FOR
100 1 _aForouzan, Behrouz A.
245 1 0 _aData communications and networking /
_cBehrouz A. Forouzan.
250 _a5th ed.
260 _aNew York, NY :
_bMcGraw-Hill,
_c2012.
300 _axxxvii, 1226 p. :
_bill. ;
_c24 cm.
505 _aOverview (Page-1), Physical Layer (Page-51), Data Link Layer (Page-235), Network Layer (Page-509), Transport Layer (Page-689), Application Layer (Page-815), Topics Related to All Layers (Page-1051)
650 0 _aComputer networks.
_93677
650 0 _aData transmission systems.
_917977
942 _2ddc
_cREF
999 _c198673
_d198673